Study on public display procedure of cadastral document in bb 01 order, សិក្សាពីដំណើរការបិទផ្សាយជាសាធារណៈនៃឯកសារសុរិយោដី (Record no. 7479)

000 -LEADER
fixed length control field 00563nam a22001457a 4500
003 - CONTROL NUMBER IDENTIFIER
control field OSt
005 - DATE AND TIME OF LATEST TRANSACTION
control field 20160310102956.0
008 - FIXED-LENGTH DATA ELEMENTS--GENERAL INFORMATION
fixed length control field 160310b xxu||||| |||| 00| 0 eng d
040 ## - CATALOGING SOURCE
Transcribing agency RUA
082 ## - DEWEY DECIMAL CLASSIFICATION NUMBER
Classification number LMA ROS 2014 B467 Or.1
100 ## - MAIN ENTRY--PERSONAL NAME
9 (RLIN) 7884
Personal name ROS KIRA; រស់ គីរ៉ា
245 ## - TITLE STATEMENT
Title Study on public display procedure of cadastral document in bb 01 order, សិក្សាពីដំណើរការបិទផ្សាយជាសាធារណៈនៃឯកសារសុរិយោដី
300 ## - PHYSICAL DESCRIPTION
Extent ix,44p.
Other physical details ill.
Dimensions 29cm.
942 ## - ADDED ENTRY ELEMENTS (KOHA)
Source of classification or shelving scheme
Koha item type LMA
Holdings
Price effective from Date last seen Permanent Location Not for loan Date acquired Source of classification or shelving scheme Koha item type Lost status Withdrawn status Date last checked out Total Checkouts Shelving location Damaged status Barcode Current Location Full call number
2016-03-102020-10-12Library Block B 2016-03-10 LMA  2020-09-211B467 RUA056088Library Block BLMA ROS 2014 B467 Or.1
2016-03-102016-03-10Library Block B 2016-03-10 LMA    B467 RUA055682Library Block BLMA ROS 2014 B467 Or.2
2016-03-102016-03-10Library Block B 2016-03-10 LMA    B467 RUA055681Library Block BLMA ROS 2014 B467 Or.3
2016-03-102019-11-20Library Block B 2016-03-10 LMA  2019-07-301B467 RUA055927Library Block BLMA ROS 2014 B467 Or.4
2016-03-102025-11-29Library Block B 2016-03-10 LMA  2025-11-013B467 RUA055606Library Block BLMA ROS 2014 B467 Or.5
2016-03-102016-06-06Library Block B 2016-03-10 LMA  2016-05-161B467 RUA056030Library Block BLMA ROS 2014 B467 Or.6
2016-03-102016-03-10Library Block B 2016-03-10 LMA    B467 RUA056361Library Block BLMA ROS 2014 B467 Or.7
2016-03-102016-03-10Library Block B 2016-03-10 LMA    B467 RUA056365Library Block BLMA ROS 2014 B467 Or.8
មជ្ឈមណ្ឌលឯការនៃសាកលវិទ្យាល័យភូមិន្ទកសិកម្មចំការដូង

Powered by Koha